| 000 | 00368nam a22001577a 4500 | ||
|---|---|---|---|
| 003 | SGT | ||
| 020 | _a9780138274375 | ||
| 082 |
_a612.78 _bS98Z |
||
| 100 | _aZEMLIN, WILLARD R. | ||
| 245 | _aSPEECH AND HEARING SCIENCE ANATOMY AND PHYSIOLOGY | ||
| 250 | _a4TH | ||
| 260 |
_aBOSTON _bALLGN AND BACON _c1998 |
||
| 300 | _a610 | ||
| 650 | _aAUDIOLOGY | ||
| 942 |
_2ddc _cBK |
||
| 999 |
_c21016 _d21016 |
||